|
|
|
|
| LEADER |
00000nam0a2200000 4500 |
| 001 |
373585 |
| 005 |
20231102012559.0 |
| 010 |
|
|
|a 5217001585
|
| 020 |
|
|
|a RU
|b 88-39205
|
| 035 |
|
|
|a (RuTPU)RU\TPU\retro\31015
|
| 035 |
|
|
|a RU\TPU\book\75562
|
| 090 |
|
|
|a 373585
|
| 100 |
|
|
|a 20221216d1988 km y0rusy5003 ca
|
| 101 |
0 |
|
|a rus
|
| 102 |
|
|
|a RU
|
| 105 |
|
|
|a a z 001zy
|
| 200 |
1 |
|
|a Гарантийный надзор за сложными техническими системами
|f Г. Е. Алпаидзе [и др.]
|
| 210 |
|
|
|a М.
|c Машиностроение
|d 1988
|
| 215 |
|
|
|a 232 с.
|c ил.
|
| 320 |
|
|
|a Библиогр.: с. 230
|
| 606 |
1 |
|
|a Технические системы сложные
|x Качество
|x Управление
|2 stltpush
|3 (RuTPU)RU\TPU\subj\60088
|9 77578
|
| 610 |
1 |
|
|a гарантийный надзор
|
| 610 |
1 |
|
|a организация
|
| 610 |
1 |
|
|a анализ
|
| 610 |
1 |
|
|a принятие решений
|
| 610 |
1 |
|
|a статистический метод
|
| 610 |
1 |
|
|a математические модели
|
| 610 |
1 |
|
|a надежность
|
| 610 |
1 |
|
|a контроль
|
| 675 |
|
|
|a 681.51.03
|v 3
|
| 701 |
|
1 |
|a Алпаидзе
|b Г. Е.
|g Галактион Елисеевич
|
| 701 |
|
1 |
|a Романов
|b Л. Г.
|g Лев Григорьевич
|
| 701 |
|
1 |
|a Червонный
|b А. А.
|g Андрей Акимович
|
| 701 |
|
1 |
|a Шахтарин
|b Ф. К.
|g Фридрих Константинович
|
| 801 |
|
1 |
|a RU
|b 63413507
|c 20041204
|g PSBO
|
| 801 |
|
2 |
|a RU
|b 63413507
|c 20221216
|g PSBO
|
| 942 |
|
|
|c BK
|